书目信息 |
| 题名: |
生命的尊严
|
|
| 作者: | 布儒瓦 著 ;焦小婷 译 | |
| 分册: | ||
| 出版信息: | 北京 北京大学出版社 2009.05 |
|
| 页数: | 313页 | |
| 开本: | 24cm | |
| 丛书名: | 培文书系 | |
| 单 册: | ||
| 中图分类: | D771.288 | |
| 科图分类: | ||
| 主题词: | 毒品--研究--美国 , 毒品 | |
| 电子资源: | ||
| ISBN: | 978-7-301-15102-0 | |
| 000 | 01348oam2 2200313 450 | |
| 001 | 010700069383 | |
| 005 | 20091208144524.89 | |
| 010 | @a978-7-301-15102-0@dCNY30.00 | |
| 100 | @a20090515d2009 em y0chiy0110 ea | |
| 101 | 1 | @achi@ceng |
| 102 | @aCN@b110000 | |
| 105 | @aa z 000yy | |
| 106 | @ar | |
| 200 | 1 | @a生命的尊严@9sheng ming de zun yan@dIn search of respect selling crack in el barrio@e透析哈莱姆东区的快克买卖@f(美)菲利普·布儒瓦(Philippe Bourgois)著@g焦小婷译@zeng |
| 210 | @a北京@c北京大学出版社@d2009.05 | |
| 215 | @a313页@c图@d24cm | |
| 225 | 2 | @a培文书系@i日常生活批判系列 |
| 305 | @a据原书第2版译出 | |
| 330 | @a本书通过作者与其研究对象长达五年的近距离互动,描述了纽约市中心快克买卖这一底层世界中人们的喜怒哀乐与悲欢离合,剖析了造成其这一艰难生存以及将这一苦难代代相传的教育和社会机制原因,直面生活现实,呼吁疗治社会的伤痛,展现了底层人对尊严的艰难追寻。 | |
| 462 | 0 | @12001 @a日常生活批判系列 |
| 510 | 1 | @aIn search of respect selling crack in el barrio@zeng |
| 517 | 1 | @a透析哈莱姆东区的快克买卖@9tou xi ha lai mu dong qu de kuai ke mai mai |
| 606 | 0 | @a毒品@x研究@y美国 |
| 606 | 0 | @a毒品 |
| 690 | @aD771.288@v4 | |
| 701 | 0 | @c(美)@a布儒瓦@9bu ru wa@c(Bourgois, Philippe@f1956~)@4著 |
| 702 | 0 | @a焦小婷@9jiao xiao ting@4译 |
| 801 | 0 | @aCN@bRENTIAN@c20091208 |
| 905 | @b20795046-51@dD771.288@e340@f6 | |
| 生命的尊严=In search of respect selling crack in el barrio:透析哈莱姆东区的快克买卖/(美)菲利普·布儒瓦(Philippe Bourgois)著/焦小婷译.-北京:北京大学出版社,2009.05 |
| 313页:图;24cm.-(培文书系.日常生活批判系列) |
| ISBN 978-7-301-15102-0:CNY30.00 |
| 本书通过作者与其研究对象长达五年的近距离互动,描述了纽约市中心快克买卖这一底层世界中人们的喜怒哀乐与悲欢离合,剖析了造成其这一艰难生存以及将这一苦难代代相传的教育和社会机制原因,直面生活现实,呼吁疗治社会的伤痛,展现了底层人对尊严的艰难追寻。 |
| ● |
| 相关链接 |
|
|
|
|
正题名:生命的尊严
索取号:D771.288/340
 
预约/预借
| 序号 | 登录号 | 条形码 | 馆藏地/架位号 | 状态 | 备注 |
| 1 | 795046 | 207950467 | 第一样本阅览室/ [索取号:D771.288/340] | 在馆 | |
| 2 | 795047 | 207950476 | 第一借阅区/ [索取号:D771.288/340] | 在馆 | |
| 3 | 795048 | 207950485 | 第一借阅区/ [索取号:D771.288/340] | 在馆 | |
| 4 | 795049 | 207950494 | 第一借阅区/ [索取号:D771.288/340] | 在馆 | |
| 5 | 795050 | 207950500 | 第一借阅区/ [索取号:D771.288/340] | 在馆 | |
| 6 | 795051 | 207950519 | 第一借阅区/ [索取号:D771.288/340] | 在馆 |